| 000 | 004470000a22001810004500 | ||
|---|---|---|---|
| 003 | MACL | ||
| 005 | 20150821170134.0 | ||
| 008 | 150821b xxu||||| |||| 00| 0 eng d | ||
| 040 |
_aMACL _cMACL |
||
| 041 | _aEnglish | ||
| 082 | _a615/JOH | ||
| 100 |
_aJohari, Harish _96635 |
||
| 245 | _aAncient Indian Massage | ||
| 260 |
_bMunshiram Manoharlal Publishers _c1984 _aNew Delhi |
||
| 350 | _a120 | ||
| 650 |
_aMedical _96636 |
||
| 942 |
_cBK _k615 _2ddc |
||
| 999 |
_c5050 _d5050 |
||